| 000 | 01140nam a22002657a 4500 | ||
|---|---|---|---|
| 003 | Uzh_bibl | ||
| 008 | 260423b |||||||| |||| 00| 0 ukr d | ||
| 020 |
_a5-301-01372-6 _c233,4 |
||
| 040 | _bукр. | ||
| 041 |
_2afr _aukr |
||
| 080 | _a821.161.2 | ||
| 090 |
_a821.161.2 _bК 14 |
||
| 100 | _a- | ||
| 245 |
_aКазки народів Африки _cУпоряд. та пер. з африк. М. Венгренівської _hТекст |
||
| 260 |
_aКиїв _b"Веселка" _c1993 |
||
| 300 |
_a159 с. _bіл. _fВ опр. |
||
| 490 | _a"Казки народів світу" | ||
| 520 | _aДо збірки увійшли найвідоміші казки народів Африки, цікаві сюжетами, пройняті народною мудрістю та гумором. | ||
| 521 | _aДля молодшого шкільного віку | ||
| 546 | _aукр. | ||
| 650 | _aЛітературно-художнє видання | ||
| 653 |
_aЖадоба золота _aВода Ладі _aЦіна байдужості |
||
| 655 |
_aХудожня література _vКазки |
||
| 942 |
_2udc _cBK |
||
| 999 |
_c17492 _d17492 |
||